| 000 | | | 07304cbc2a2200277#x 450 |
| 001 | | | 07fe1fa9-1f90-4563-bd34-629ae4851583 |
| 005 | | | 20230523165037.0 |
| 100 | ## | $a | 20160331l18651865k y0rusy50 ca |
| 101 | 0# | $a | rus |
| 102 | ## | $a | RU |
| 105 | ## | $a | y j ||||| |
| 122 | 2# | $a | d18650227## |
| | $a | d18650316## |
| 200 | 1# | $a | Циркуляры Муравьева М. Н. попечителю Виленского учебного округа о необходимости составления нового учебника по истории Западного края, как меры борьбы с польско-католической пропагандой, об изъятии из Виленского исторического музея экспонатов, касающихся истории польского народа |
| | $e | 27 февраля - 16 марта 1865 |
| | $j | 1865 |
| 215 | ## | $a | 4 листа |
| 251 | ## | $c | Дело |
| 300 | ## | $a | Заголовок дела на папке: Циркуляры Муравьева М. Н. попечителю Виленского учебного округа |
| 300 | ## | $a | Рукописный текст. Чернила |
| 324 | ## | $a | Копии |
| 330 | ## | $a | Входит в раздел описи: Документальные материалы, отложившиеся в результате служебной деятельности Муравьева М. Н. |
| 461 | #0 | $1 | 001c2c6c6a4-a01e-4d13-acb7-e6a0c9078d03 |
| | $1 | 2001 |
| | $a | МУРАВЬЕВ МИХАИЛ НИКОЛАЕВИЧ, ГРАФ, ГЕНЕРАЛ ОТ ИНФАНТЕРИИ, ДИРЕКТОР ДЕПАРТАМЕНТА РАЗНЫХ ПОДАТЕЙ И СБОРОВ, ЧЛЕН ГОСУДАРСТВЕННОГО СОВЕТА, МИНИСТР ГОСУДАРСТВЕННЫХ ИМУЩЕСТВ (1857-1862 гг.), ВОЕННЫЙ ГЕНЕРАЛ-ГУБЕРНАТОР ВИЛЕНСКОЙ ГУБЕРНИИ (1863 г.) |
| | $1 | 251 |
| | $c | Фонд |
| | $1 | 852 |
| | $j | 811 |
| 462 | #0 | $1 | 00164fda34d-2ca7-44fe-ab14-22f23de5401d |
| | $1 | 2001 |
| | $a | Опись дел фонда М. Н. Муравьева за 1825-1897 гг. |
| | $v | Д. 56 |
| | $1 | 251 |
| | $c | Опись |
| | $1 | 852 |
| | $j | 1 |
| 517 | 1# | $a | Циркуляры Муравьева М. Н. попечителю Виленского учебного округа |
| 600 | #1 | $a | Муравьев |
| | $b | М.Н. |
| | $f | 1796 – 1866 |
| | $g | Михаил Николаевич |
| | $j | Документы и материалы |
| | $2 | prlib_sh |
| | $3 | LIBNET\UAF\0000064177 |
| | $x | Деятельность |
| 801 | #0 | $a | RU |
| | $b | GA_RF |
| 801 | #1 | $a | RU |
| | $b | НПО Опыт |
| | $c | 20160331 |
| | $2 | rusmarc |
| 801 | #2 | $a | RU |
| | $b | ПБ им. Б.Н. Ельцина |
| | $c | 20160608 |
| | $g | RCR |
| | $2 | rusmarc |
| 852 | ## | $a | ГА РФ |
| | $j | 56 |
| 937 | ## | $d | 76546460 |
| | $h | ПБ |
| 035 | ## | $a | RuPRLIB51037678 |
| 605 | ## | $2 | acquisition_Prlib |
| | $3 | DITM\AF\0000002775 |
| | $a | Власть |
| | $l | коллекция |
| 605 | ## | $a | Территория |
| | $l | коллекция |
| | $2 | acquisition_Prlib |
| | $3 | DITM\AF\0000004675 |
| 605 | ## | $a | М. Н. Муравьев |
| | $l | коллекция |
| | $2 | acquisition_Prlib |
| | $3 | LIBNET\UAF\0000064007 |
| 605 | ## | $a | Россия - Беларусь: из истории взаимоотношений |
| | $l | коллекция |
| | $2 | acquisition_Prlib |
| | $3 | LIBNET\UAF\0000107215 |
| 607 | ## | $2 | nlr_sh |
| | $3 | RU\NLR\AUTH\661429897 |
| | $a | Россия |
| | $j | Документы и материалы |
| | $x | Политика и управление |
| | $y | Северо-Западный край |
| | $z | 2-я пол. 19 в. |
| 686 | ## | $2 | rubbk |
| | $a | 63.3(2)52ю1 |
| | $v | LBC/M |
| 686 | ## | $a | 63.3(28-8Вил)52ю1 |
| | $v | LBC/M |
| | $2 | rubbk |
| 617 | ## | $2 | prlib_sh |
| | $c | Виленская губерния |
| 617 | ## | $2 | prlib_sh |
| | $a | Белоруссия |
| 617 | ## | $a | Литва |
| | $2 | prlib_sh |
| 606 | 1# | $2 | prlib_sh |
| | $3 | LIBNET\UAF\0000064110 |
| | $a | Народное образование |
| | $j | Документы и материалы |
| | $y | Виленская губерния |
| 606 | 1# | $2 | nlr_sh |
| | $3 | RU\NLR\AUTH\661452685 |
| | $a | Национальная политика |
| | $j | Документы и материалы |
| | $y | Россия |
| | $y | Запад |
| | $z | 1863 - 1905 |
| 856 | 4# | $u | http://www.prlib.ru/Lib/pages/item.aspx?itemid=141236 |